State Quiz-Florida - Statistics

General Stats
  • This quiz has been taken 20 times
  • The average score is 18 of 25
Answer Stats
Clue Answer % Correct
4) This body of water lies to the westand south of Florida Gulf of Mexico
100%
13) City on the extreme western tip of islandsstretching out into the Gulf Key West
95%
3) Biscayne Bay, South Beach, megacity Miami
95%
12) Disney World is located near this major centralFlorida city Orlando
95%
2) Massive amusement park of Mr.Walts' corporation Disney World
89%
10) Floridas' nickname, the _________ state sunshine
89%
19) The capital of Florida Tallahassee
89%
5) Large city on a bay with the same name.Home to the Rays, Lightning and Bucs Tampa
89%
14) This country lies just over 50 miles at its closestfrom eastern Florida Bahamas
84%
16) One of the most populous cities in Florida, hometo the Jaguars Jacksonville
84%
1) One of NASCARs' biggest and most famous speedways Daytona
79%
9) Massive, remote swampy park in covering muchof the southwestern state Everglades
79%
6) This city is home to the University of Florida Gainesville
68%
23) Florida is the ____ th state (number) 27
63%
25) Western Florida has this shape, as do Texas, Oklahomafor a total of 9 states panhandle
63%
8) Dwayne Wade, Shaq, and LeBron once playedfor this NBA team Heat
58%
21) Largest freshwater lake in Florida Okeechobee
58%
18) Native tribe to Florida, descendants of the Creek people Seminole
58%
24) This major interstate runs through eastern Florida downto Miami 95
53%
17) This popular country band hails from bothFlorida and Georgia Florida Georgia Line
53%
15) One of the oldest settlements in the US, colonized by the Spanish in 1565 St Augustine
53%
22) Massive theme park based on popular tv, movies, etc Universal
53%
20) Southwestern Florida city, where the Red Soxand Twins play for spring training Fort Myers
42%
11) The TB Rays play at this juice park Tropicana Field
42%
7) This eastern league is played in Florida duringMLB spring training Grapefruit
32%
No matching quizzes found
Score Distribution
Percent of People with Each Score
Percentile by Number Answered
Your Score History
You have not taken this quiz